1996 NHL All-Stars - Statistics

General Stats
  • This quiz has been taken 12 times
  • The average score is 19 of 46
Answer Stats
Position/Conference Answer Team % Correct
West Centre Joe Sakic Colorado Avalanche
90%
West Centre Mats Sundin Toronto Maple Leafs
90%
East Defenceman Ray Bourque Boston Bruins
90%
West Centre Sergei Fedorov Detroit Red Wings
90%
West Right Winger Teemu Selanne Winnipeg Jets
90%
West Centre Wayne Gretzky Los Angeles Kings
90%
West Defenceman Al MacInnis St. Louis Blues
80%
East Goaltender Dominik Hasek Buffalo Sabres
80%
West Goaltender Ed Belfour Chicago Blackhawks
80%
East Centre Mark Messier New York Rangers
80%
East Goaltender Martin Brodeur New Jersey Devils
80%
West Centre Peter Forsberg Colorado Avalanche
80%
East Goaltender John Vanbiesbrouck Florida Panthers
70%
East Centre Mario Lemieux Pittsburgh Penguins
70%
West Right Winger Brett Hull St. Louis Blues
60%
West Defenceman Chris Chelios Chicago Blackhawks
60%
East Centre Eric Lindros Philadelphia Flyers
50%
East Right Winger Jaromir Jagr Pittsburgh Penguins
50%
West Defenceman Paul Coffey Detroit Red Wings
50%
West Right Winger Alexander Mogilny Vancouver Canucks
40%
East Centre Ron Francis Pittsburgh Penguins
40%
East Right Winger Peter Bondra Washington Capitals
30%
East Left Winger Brendan Shanahan Hartford Whalers
20%
East Defenceman Brian Leetch New York Rangers
20%
East Right Winger Daniel Alfredsson Ottawa Senators
20%
West Centre Doug Weight Edmonton Oilers
20%
East Defenceman Eric Desjardins Philadelphia Flyers
20%
West Goaltender Felix Potvin Toronto Maple Leafs
20%
East Left Winger John LeClair Philadelphia Flyers
20%
West Defenceman Kevin Hatcher Dallas Stars
20%
West Defenceman Nicklas Lidstrom Detroit Red Wings
20%
West Left Winger Paul Kariya Mighty Ducks of Anaheim
20%
East Defenceman Scott Stevens New Jersey Devils
20%
West Right Winger Theoren Fleury Calgary Flames
20%
East Right Winger Cam Neely Boston Bruins
10%
West Goaltender Chris Osgood Detroit Red Wings
10%
West Defenceman Larry Murphy Toronto Maple Leafs
10%
West Right Winger Mike Gartner Toronto Maple Leafs
10%
West Right Winger Owen Nolan San Jose Sharks
10%
East Right Winger Pat Verbeek New York Rangers
10%
East Centre Pierre Turgeon Montreal Canadiens
10%
East Defenceman Roman Hamrlik Tampa Bay Lightning
10%
East Right Winger Scott Mellanby Florida Panthers
10%
East Centre Craig MacTavish Philadelphia Flyers
0%
West Centre Denis Savard Chicago Blackhawks
0%
East Defenceman Mathieu Schneider New York Islanders
0%
No matching quizzes found
Score Distribution
Percent of People with Each Score
Percentile by Number Answered
Your Score History
You have not taken this quiz